Ética y valores II / (Registro nro. 11464)

Detalles MARC
000 -LIDER
fixed length control field 00854nam a22002777a 4500
001 - NÚMERO DE CONTROL
Identificador de número de control 000693
003 - IDENTIFICACDOR DE NÚMERO DE CONTROL
control field DO-SdBNP
005 - DATE AND TIME OF LATEST TRANSACTION
control field 20180321132302.0
007 - CAMPOS FIJOS DE DESCRIPCIÓN FÍSICA
fixed length control field 000693
008 - ELEMENTOS DE LONGITUD FIJA
fixed length control field 151217b 2004 mx a 00| 0 spa d
020 ## - ISBN
International Standard Book Number 97010462777
040 ## - FUENTE DE CATALOGACIÓN
Agencia que crea de manera original el registro BPMSU
Idioma de catalogación spa
Agencia que realiza la transcripción BPMSU
092 ## - LOCALLY ASSIGNED DEWEY DECIMAL CALL NUMBER
Número de clasificación xxxxx
Número de ítem (Cutter) xxxxx
100 1# - ASIENTO PRINCIPAL -- NOMBRE PERSONAL
Nombre personal Sagols Sales, Lizbeth Margarita
245 10 - MENCIÓN DE TITULO
Título Ética y valores II /
Mención de responsabilidad Lizbeth Margarita Sagols Sales, María Teresa de la Garza Camino, Jorge Enrique Linares Salgado
260 ## - PUBLICACIÓN, DISTRIBUCIÓN, ETC. (PIE DE IMPRENTA)
Lugar de publicación, distribución, etc México :
Nombre del editor, distribuidor, etc. McGraw-Hill interamericana,
Fecha de publicación, distribución, etc 2004.
300 ## - DESCRIPCIÓN FÍSICA
Extensión 112 p. :
Otros detalles físicos il.
Dimensiones 27 cm.
490 0# - MENCIÓN DE SERIES
Mención de serie Humanidades
700 12 - ASIENTO SECUNDARIO -- NOMBRE PERSONAL
Nombre personal Garza Camino, María Teresa de la
700 12 - ASIENTO SECUNDARIO -- NOMBRE PERSONAL
Nombre personal Linares Salgado, Jorge Enrique
830 #0 - ASIENTO SECUNDARIO DE SERIE--TÍTULO UNIFORME
Título uniforme Humanidades
910 ## - VALIDACIÓN
Validación 00260
942 ## - ADDED ENTRY ELEMENTS (KOHA)
Source of classification or shelving scheme Dewey Decimal Classification
Koha item type Libros
945 ## - INFORMACIÓN DE PROCESAMIENTO LOCAL
Información de procesamiento local Inventariado extranjero / 2018 VM
956 ## - LOCAL ELECTRONIC LOCATION AND ACCESS (OCLC)
Nombre de host Yngrid Lockward
Número de acceso 10
Existencias
Withdrawn status Lost status Source of classification or shelving scheme Damaged status Not for loan Collection code Home library Current library Date acquired Source of acquisition Total Checkouts Barcode Date last seen Price effective from Koha item type
    Dewey Decimal Classification     Colección General Biblioteca Pública Metropolitana Salomé Ureña Biblioteca Pública Metropolitana Salomé Ureña 09/20/2016 Fundi   BPMSU16090432 09/20/2016 09/20/2016 Libros